[Event "8th RTU Open 2018"]
[Site "Riga"]
[Date "2018.08.06"]
[Round "1"]
[White "Kovalenko, Igor"]
[Black "Priyanka, Nutakki"]
[Result "1-0"]
[WhiteElo "2641"]
[BlackElo "2212"]
[Annotator "TA"]
[PlyCount "51"]
[EventDate "2018.08.06"]
[EventType "swiss"]
[EventCountry "LAT"]
[SourceTitle "playchess.com"]
[Source "ChessBase"]
[SourceQuality "1"]

{[%evp 9,51,-12,22,24,22,25,20,22,43,45,80,89,92,101,85,25,62,16,89,87,87,87,114,86,157,144,151,142,139,147,155,147,294,228,237,235,237,237,245,240,365,342,693,651]} 1. e4 e6 2. d3 d5 3. Nd2 c5 4. g3 Nf6 5. Bg2 g6 (5... Nc6 6. Ngf3 Be7 7. O-O b6 8. exd5 exd5 9. d4 O-O 10. Re1 Bg4 11. h3 Bh5 12. dxc5 bxc5 13. c4 Rc8 14. cxd5 Nxd5 15. Nc4 Nb6 16. Qxd8 Rfxd8 {0-1 (94) Mamedov,R (2660)-Ponomariov,R (2744) Moscow 2010}) 6. e5 {C00: French: Unusual White 2nd moves} Nfd7 7. f4 Bg7 8. Ngf3 $146 {The position is equal.} ({Predecessor:} 8. c4 Nb6 9. cxd5 exd5 10. Ngf3 Nc6 11. O-O Bf5 12. Nb3 Qe7 {1-0 (26) Kosenko,Y (1758)-Elizarova,T (1669) St Petersburg 2012}) 8... f6 9. exf6 Bxf6 10. O-O O-O 11. Re1 Re8 12. Ne5 (12. Ng5 $16) 12... Nc6 {[%cal Rd7e5]} 13. Ndf3 Qc7 (13... Ndxe5 $11 14. fxe5 Bg7) 14. Ng4 $16 Bg7 15. Ng5 Nb6 16. c3 e5 {[#]} (16... Bd7 $142) 17. Nxe5 $1 Nxe5 18. fxe5 Rxe5 19. Bf4 {aiming for Re3.} Rxe1+ 20. Qxe1 {White wants to mate with Qe8+.} Qd8 (20... Qd7 $16 {was worth a try.} 21. a4 h6) 21. Ne6 Bxe6 22. Qxe6+ Kh8 23. Re1 Qf6 24. Qe7 Qf5 (24... Rf8 $142 25. Qxc5 g5) 25. Qxb7 $18 g5 $2 {[#]} (25... Qc8 26. Bxd5 Nxd5 27. Qxd5 Qf8) 26. Bb8 {Precision: White = 79%, Black = 41%.} 1-0

[Event "8th RTU Open 2018"]
[Site "Riga"]
[Date "2018.08.06"]
[Round "1"]
[White "Donchenko, Alexander"]
[Black "Chernyak, Viktoria"]
[Result "1-0"]
[WhiteElo "2612"]
[BlackElo "2206"]
[Annotator "TA"]
[PlyCount "51"]
[EventDate "2018.08.06"]
[EventType "swiss"]
[EventCountry "LAT"]
[SourceTitle "playchess.com"]
[Source "ChessBase"]
[SourceQuality "1"]

{[%evp 16,51,75,60,131,131,138,127,127,120,143,142,169,141,194,193,195,200,208,208,213,196,212,197,197,199,335,316,459,462,450,432,524,516,633,628,770,575]} 1. Nf3 d5 2. g3 Nf6 3. Bg2 c5 4. O-O e6 5. d4 cxd4 6. Nxd4 e5 7. Nb3 h6 {D02: 1 d4 d5 2 Nf3 sidelines, including 2...Nf6 3 g3 and 2...Nf6 3 Bf4} (7... Be6 8. Bg5 Nbd7 9. e4 dxe4 10. Bxe4 Qc7 11. Bg2 Be7 12. Nc3 O-O 13. Re1 Rad8 14. Qe2 h6 15. Bxf6 Bxf6 {½-½ (107) Caruana,F (2802)-Nakamura,H (2786) chess.com INT 2017}) 8. c4 d4 9. e3 {[%cal Re3d4] LiveBook: 7 Games} dxe3 $146 (9... d3 $14) ({Predecessor:} 9... d3 10. Nc3 Nc6 11. Nd5 Bf5 12. e4 Nxe4 13. Qxd3 Nd6 14. Qe2 Be7 15. Rd1 O-O 16. Be3 Bg5 17. Bc5 Re8 18. Ne3 Bxe3 19. Rxd6 Bxc5 20. Rxd8 Raxd8 21. Bxc6 {1-0 (21) Ernst,S (2554)-Manca,F (2424) Ortisei 2012}) 10. Qxd8+ $16 Kxd8 11. Bxe3 Nc6 12. Nc3 Bg4 13. f4 exf4 14. Bxf4 Be7 (14... Nd7 $16 15. Nb5 Rc8) 15. Nd5 $18 Rc8 16. h3 Be6 17. Rad1 {[#] And now Nxf6+ would win.} Nd7 18. Nxe7 Kxe7 19. Bd6+ Ke8 20. Rfe1 h5 (20... Kd8 $142 21. Nd2 Re8) 21. Nd4 {[%cal Bb3d4,Bd4f5,Bf5d6][%mdl 32]} Rh6 (21... Nxd4 {is a better defense.} 22. Rxd4 Kd8) 22. Nf5 {White is clearly winning.} Rg6 23. Bf4 Kf8 24. Nd6 Ra8 25. Nxb7 Nd8 26. c5 {Precision: White = 100%, Black = 28%.} 1-0

[Event "8th RTU Open 2018"]
[Site "Riga"]
[Date "2018.08.06"]
[Round "1"]
[White "Predke, Alexandr"]
[Black "Haavamae, Henrik"]
[Result "1-0"]
[WhiteElo "2606"]
[BlackElo "2203"]
[Annotator "TA"]
[PlyCount "81"]
[EventDate "2018.08.06"]
[EventType "swiss"]
[EventCountry "LAT"]
[SourceTitle "playchess.com"]
[Source "ChessBase"]
[SourceQuality "1"]

{[%evp 20,81,28,34,41,0,0,0,0,0,0,0,0,0,0,0,42,33,40,28,41,25,29,23,195,188,207,219,211,211,187,207,227,225,224,177,284,281,391,373,445,449,434,412,444,439,438,412,612,581,663,645,987,963,1146,1119,1278,1198,1725,1748,5052,5047,6049,1835]} 1. e4 c6 2. Nc3 d5 3. Nf3 g6 4. d4 Bg7 5. h3 Nf6 6. Bd3 dxe4 7. Nxe4 Nxe4 8. Bxe4 Nd7 9. O-O O-O 10. Bg5 Qb6 11. Re1 {LiveBook: 4 Games. B15: Caro-Kann: 3 Nc3: 3...g6 and 3...dxe4 4 Nxe4 Nf6 5 Nxf6+ exf6} e5 (11... Nf6 12. Bd3 Qxb2 13. Rxe7 Qa3 14. Re3 Nd5 15. Re1 Be6 16. c4 Nc7 17. Bf4 Rac8 18. Re3 Qe7 {½-½ (53) Hou,Y (2623)-Zhao,J (2577) Danzhou 2012}) 12. dxe5 $146 ({Predecessor:} 12. Nxe5 Nxe5 13. dxe5 Qxb2 14. f4 Re8 15. Qf3 Qb5 16. Bh4 Qa5 17. Kh2 Be6 18. Red1 Qc7 {½-½ (36) Sherwood,R (2134)-Schwenk,H (2137) ICCF email 2014}) 12... Qxb2 13. Be7 {[#] e6 is the strong threat.The position is equal.} Re8 14. Bd6 Nxe5 {And now ...Nc4 would win.} 15. Rb1 Qc3 16. Nxe5 Bxe5 17. Re3 Qd4 (17... Qa5 {feels hotter.} 18. Bf3 Bf5 19. Bxe5 Rxe5 20. Rxe5 Qxe5 21. Rxb7 Qc3) 18. Bxe5 Qxd1+ 19. Rxd1 {[#] Black must now prevent Bf6.} Rxe5 20. Rd8+ Kg7 21. Bf3 $36 {[%mdl 2048] Black is under pressure.} Rc5 $2 (21... Rxe3 $11 22. fxe3 h5) 22. c3 $18 b6 {intending ...Bb7.} 23. Ree8 Rxc3 24. Rxc8 Rxc8 25. Rxc8 {[%mdl 4096] Endgame KRB-KR} Ra3 26. Rxc6 ({Don't play} 26. Bxc6 $6 Rxa2 27. Be8 Re2) 26... Rxa2 27. g4 b5 (27... Ra5 {is a better defense.} 28. Rc7 h5 29. gxh5 gxh5) 28. Rc7 Ra1+ 29. Kg2 Kf6 30. Bd5 Ke5 31. Bxf7 Kd6 32. Rb7 Kc6 33. Re7 b4 (33... Kd6 $142) 34. Be8+ {White is clearly winning.} Kb6 35. Rxh7 b3 36. Bxg6 a5 37. Rh8 a4 38. Rb8+ Kc5 39. Bf7 Rb1 40. g5 {Threatening mate with g6.} b2 41. Ba2 {Precision: White = 77%, Black = 32%.} 1-0

[Event "8th RTU Open 2018"]
[Site "Riga"]
[Date "2018.08.06"]
[Round "1"]
[White "Svane, Rasmus"]
[Black "House, Glenn L"]
[Result "1-0"]
[WhiteElo "2591"]
[BlackElo "2200"]
[Annotator "ChessBase"]
[PlyCount "143"]
[EventDate "2018.08.06"]
[EventType "swiss"]
[EventCountry "LAT"]
[SourceTitle "playchess.com"]
[Source "ChessBase"]
[SourceQuality "1"]
[TimeControl "5400+30"]

1. Nf3 {[%emt 0:00:00]} Nf6 {[%emt 0:00:00]} 2. c4 {[%emt 0:00:00]} e6 {[%emt 0:00:04]} 3. g3 {[%emt 0:00:36]} b6 {[%emt 0:00:56]} 4. Bg2 {[%emt 0:00:08]} Bb7 {[%emt 0:00:07]} 5. O-O {[%emt 0:00:18]} Be7 {[%emt 0:00:06]} 6. d4 {[%emt 0:00:06]} O-O {[%emt 0:00:08]} 7. Re1 {[%emt 0:00:16]} d5 {[%emt 0:10:14]} 8. cxd5 {[%emt 0:00:04]} exd5 {[%emt 0:00:22]} 9. Nc3 {[%emt 0:00:02]} Na6 {[%emt 0:02:53]} 10. Bf4 {[%emt 0:00:14]} c5 {[%emt 0:00:50]} 11. dxc5 {[%emt 0:11:36]} Nxc5 {[%emt 0:02:07]} 12. Rc1 {[%emt 0:00:21]} Ne6 {[%emt 0:08:47]} 13. Be5 {[%emt 0:01:51]} Ng4 {[%emt 0:04:55]} 14. Bd4 {[%emt 0:02:43]} Bc5 {[%emt 0:06:52]} 15. e3 {[%emt 0:01:57]} Re8 {[%emt 0:10:22]} 16. Rc2 {[%emt 0:10:28]} Bxd4 {[%emt 0:13:39]} 17. Nxd4 {[%emt 0:01:14]} Nf6 {[%emt 0:02:43]} 18. Rd2 {[%emt 0:14:40]} Nc5 {[%emt 0:06:56]} 19. Nde2 {[%emt 0:07:41]} Qe7 {[%emt 0:12:52]} 20. Nxd5 {[%emt 0:09:56]} Nxd5 {[%emt 0:01:24]} 21. Bxd5 {[%emt 0:00:04]} Ne4 {[%emt 0:03:44]} 22. Bxb7 {[%emt 0:05:49]} Qxb7 {[%emt 0:00:17]} 23. Rd7 {[%emt 0:09:13]} Qc6 {[%emt 0:00:15]} 24. Nc3 {[%emt 0:02:05]} Nxc3 {[%emt 0:02:54]} 25. bxc3 {[%emt 0:00:02]} Qxc3 {[%emt 0:00:38]} 26. Re2 {[%emt 0:00:23]} Qf6 {[%emt 0:03:20]} 27. Rc2 {[%emt 0:01:28]} Rad8 {[%emt 0:01:29]} 28. Rcd2 {[%emt 0:04:07]} Rxd7 {[%emt 0:00:45]} 29. Rxd7 {[%emt 0:00:02]} g6 {[%emt 0:02:47]} 30. Rxa7 {[%emt 0:02:26]} Rd8 {[%emt 0:00:10]} 31. Qe2 {[%emt 0:04:44]} h5 {[%emt 0:01:00]} 32. h4 {[%emt 0:02:22]} Qa1+ {[%emt 0:00:28]} 33. Kg2 {[%emt 0:00:20]} Qd1 {[%emt 0:00:44]} 34. Qb2 {[%emt 0:02:50]} Qd5+ {[%emt 0:00:13]} 35. Kh2 {[%emt 0:00:03]} Qf3 {[%emt 0:00:58]} 36. Rc7 {[%emt 0:01:02]} Kh7 {[%emt 0:00:29]} 37. Rc1 {[%emt 0:00:16]} Rd6 {[%emt 0:00:40]} 38. Re1 {[%emt 0:02:59]} Qf6 {[%emt 0:00:22]} 39. Qe2 {[%emt 0:00:34]} Qc3 {[%emt 0:00:19]} 40. Kg2 {[%emt 0:00:49]} Kg7 {[%emt 0:00:08]} 41. Rd1 {[%emt 0:00:28]} Qc6+ {[%emt 0:00:21]} 42. Kg1 {[%emt 0:00:07]} Rxd1+ {[%emt 0:00:50]} 43. Qxd1 {[%emt 0:00:02]} Kg8 {[%emt 0:00:24]} 44. Qd8+ {[%emt 0:00:04]} Kg7 {[%emt 0:00:34]} 45. Qd4+ {[%emt 0:00:04]} Kg8 {[%emt 0:00:10]} 46. e4 {[%emt 0:00:52]} Qc1+ {[%emt 0:01:23]} 47. Kg2 {[%emt 0:00:07]} Qc7 {[%emt 0:00:44]} 48. Qd5 {[%emt 0:00:10]} Qe7 {[%emt 0:00:36]} 49. Kg1 {[%emt 0:01:52]} Kh7 {[%emt 0:00:26]} 50. Qc6 {[%emt 0:00:53]} Qb4 {[%emt 0:00:42]} 51. Kg2 {[%emt 0:00:41]} Qa3 {[%emt 0:00:31]} 52. Qc4 {[%emt 0:00:24]} Qe7 {[%emt 0:00:10]} 53. Kg1 {[%emt 0:00:53]} Kg8 {[%emt 0:00:23]} 54. Qb3 {[%emt 0:00:44]} Qd6 {[%emt 0:00:35]} 55. a3 {[%emt 0:00:16]} Qd4 {[%emt 0:00:22]} 56. Qb4 {[%emt 0:00:12]} Qd1+ {[%emt 0:00:39]} 57. Kh2 {[%emt 0:00:07]} Qd8 {[%emt 0:00:08]} 58. e5 {[%emt 0:01:34]} Qc7 {[%emt 0:00:33]} 59. Qb5 {[%emt 0:02:15]} Kg7 {[%emt 0:00:33]} 60. Qd5 {[%emt 0:00:16]} Qe7 {[%emt 0:00:38]} 61. Qd4 {[%emt 0:01:14]} Qe6 {[%emt 0:00:10]} 62. a4 {[%emt 0:00:11]} Kf8 {[%emt 0:00:20]} 63. Qd8+ {[%emt 0:00:11]} Kg7 {[%emt 0:00:11]} 64. Qd4 {[%emt 0:00:27]} Kf8 {[%emt 0:00:08]} 65. Qb4+ {[%emt 0:00:11]} Kg7 {[%emt 0:00:10]} 66. Qf4 {[%emt 0:00:28]} Qc6 {[%emt 0:00:23]} 67. Qd4 {[%emt 0:00:29]} Qe6 {[%emt 0:00:16]} 68. Kg1 {[%emt 0:00:08]} Kf8 {[%emt 0:00:09]} 69. Kf1 {[%emt 0:00:27]} Qc6 {[%emt 0:01:01]} 70. Ke2 {[%emt 0:00:17]} Ke7 {[%emt 0:01:09]} 71. Kd3 {[%emt 0:01:08]} Kf8 {[%emt 0:00:57]} 72. Qd6+ {[%emt 0:00:26]} 1-0

[Event "8th RTU Open 2018"]
[Site "Riga"]
[Date "2018.08.06"]
[Round "1"]
[White "Stocek, Jiri"]
[Black "Bolsakovs, Vadims"]
[Result "1-0"]
[WhiteElo "2582"]
[BlackElo "2197"]
[Annotator "TA"]
[PlyCount "53"]
[EventDate "2018.08.06"]
[EventType "swiss"]
[EventCountry "LAT"]
[SourceTitle "playchess.com"]
[Source "ChessBase"]
[SourceQuality "1"]

{[%evp 18,53,29,17,17,0,12,11,30,30,28,1,19,19,34,12,13,12,15,14,13,0,0,0,0,0,8,12,29,29,29,29,29,29,81,97,1568,1567]} 1. d4 d5 2. Nf3 Nf6 3. c4 dxc4 4. e3 b5 5. a4 b4 6. Bxc4 {D25: Queen's Gambit Accepted: 4 e3: sidelines and 4...Bg4} e6 7. O-O (7. a5 a6 8. Nbd2 Bb7 9. O-O c5 10. Nb3 Nbd7 11. dxc5 Nxc5 12. Nxc5 Bxc5 {1-0 (45) Bluebaum,M (2631)-Anand,V (2776) Karlsruhe/Baden-Baden 2018}) 7... Be7 8. Qe2 Bb7 9. Nbd2 O-O 10. Rd1 {LiveBook: 13 Games} Nbd7 11. b3 c5 12. Bb2 Qc7 13. Rac1 $146 Rac8 14. g3 Qb8 15. Ba6 Rfd8 16. e4 (16. Bxb7 {is interesting.} Qxb7 17. Qb5 Qd5 18. dxc5 Bxc5 19. Qe2) 16... cxd4 {White must now prevent ...Bxa6.} 17. Bxb7 Qxb7 18. Bxd4 Nc5 {[%cal Rc5e4]} 19. Bxc5 Bxc5 20. Ne5 Bd4 {[#] Threatens to win with ...Rxc1.} 21. Rxc8 Rxc8 22. Nec4 $36 {[%mdl 2048] Hoping for Nd6. White has good play.} Bc5 23. e5 Nd5 {...Nc3 is the strong threat.} 24. Qf3 Qa8 25. Ne4 Nc3 (25... h6 $11) 26. Rd7 $16 f5 $2 {[%mdl 8192] [#]} (26... Rf8 $16 27. Rb7 Nxe4 28. Qxe4 Qd8) 27. Qh5 {Precision: White = 67%, Black = 25%.} 1-0

[Event "8th RTU Open 2018"]
[Site "Riga"]
[Date "2018.08.06"]
[Round "1"]
[White "Petrosyan, Manuel"]
[Black "Kukk, Sander"]
[Result "1-0"]
[WhiteElo "2567"]
[BlackElo "2194"]
[Annotator "ChessBase"]
[PlyCount "57"]
[EventDate "2018.08.06"]
[EventType "swiss"]
[EventCountry "LAT"]
[SourceTitle "playchess.com"]
[Source "ChessBase"]
[SourceQuality "1"]
[TimeControl "5400+30"]

1. d4 {[%emt 0:00:00]} g6 {[%emt 0:00:00]} 2. e4 {[%emt 0:00:34]} Bg7 {[%emt 0:00:00]} 3. Nc3 {[%emt 0:00:37]} c6 {[%emt 0:01:49]} 4. Be3 {[%emt 0:03:22]} d5 {[%emt 0:01:53]} 5. Qd2 {[%emt 0:00:07]} dxe4 {[%emt 0:04:36]} 6. Nxe4 {[%emt 0:00:06]} Nd7 {[%emt 0:01:14]} 7. c3 {[%emt 0:02:37]} Ngf6 {[%emt 0:02:10]} 8. Nxf6+ {[%emt 0:00:14]} Nxf6 {[%emt 0:00:12]} 9. Nf3 {[%emt 0:00:33]} O-O {[%emt 0:00:46]} 10. Bc4 {[%emt 0:01:13]} Nd5 {[%emt 0:04:23]} 11. Bg5 {[%emt 0:06:28]} Bg4 {[%emt 0:15:43]} 12. Ne5 {[%emt 0:03:06]} Be6 {[%emt 0:03:26]} 13. Bh6 {[%emt 0:02:30]} f6 {[%emt 0:03:09]} 14. Nd3 {[%emt 0:03:10]} Qd6 {[%emt 0:05:19]} 15. O-O {[%emt 0:12:06]} g5 {[%emt 0:04:12]} 16. Bxg7 {[%emt 0:01:01]} Kxg7 {[%emt 0:00:04]} 17. Nc5 {[%emt 0:04:46]} Bc8 {[%emt 0:08:23]} 18. Rae1 {[%emt 0:03:52]} b6 {[%emt 0:14:26]} 19. Ne4 {[%emt 0:00:34]} Qf4 {[%emt 0:01:26]} 20. Qe2 {[%emt 0:01:06]} Qc7 {[%emt 0:03:42]} 21. Ng3 {[%emt 0:01:18]} Rf7 {[%emt 0:04:48]} 22. f4 {[%emt 0:07:24]} h6 {[%emt 0:02:22]} 23. fxg5 {[%emt 0:06:55]} hxg5 {[%emt 0:00:14]} 24. Qe4 {[%emt 0:01:01]} Qd6 {[%emt 0:03:40]} 25. Bd3 {[%emt 0:01:58]} Kf8 {[%emt 0:03:40]} 26. Qg6 {[%emt 0:03:35]} Bg4 {[%emt 0:01:20]} 27. Ne4 {[%emt 0:02:05]} Qc7 {[%emt 0:01:03]} 28. Nxg5 {[%emt 0:00:22]} Rg7 {[%emt 0:00:07]} 29. Qh6 {[%emt 0:00:54]} 1-0

[Event "8th RTU Open 2018"]
[Site "Riga"]
[Date "2018.08.06"]
[Round "1"]
[White "Ter Sahakyan, Samvel"]
[Black "Moksh Amit Doshi"]
[Result "1-0"]
[WhiteElo "2551"]
[BlackElo "2193"]
[Annotator "TA"]
[PlyCount "65"]
[EventDate "2018.08.06"]
[EventType "swiss"]
[EventCountry "LAT"]
[SourceTitle "playchess.com"]
[Source "ChessBase"]
[SourceQuality "1"]

{[%evp 40,65,16,14,48,45,34,37,44,53,85,58,74,64,222,215,372,367,435,433,427,414,29988,29989,29994,29991,29998,29999]} 1. e4 e5 2. Nf3 Nc6 3. Bb5 a6 4. Ba4 Nf6 5. O-O Be7 6. Re1 b5 7. Bb3 d6 8. c3 O-O 9. h3 Nb8 10. d4 Nbd7 11. Nbd2 Bb7 12. Bc2 Re8 13. Nf1 Bf8 14. Ng3 g6 15. a4 c5 16. d5 c4 17. Bg5 Nc5 {C95: Closed Ruy Lopez: Breyer Variation with 10 d4} 18. Qd2 Be7 19. Ra3 Nfd7 20. Be3 (20. Rea1 Bxg5 21. Nxg5 Nxa4 22. Bxa4 bxa4 23. f4 exf4 24. Qxf4 Qf6 25. Qh4 {1-0 (57) Robson,R (2649)-Dragun,K (2597) New York 2018}) 20... Qc7 21. Nh2 {[%cal Bf3h2,Bh2g4,Bg4h6][%mdl 32] LiveBook: 3 Games} Nb6 {[%cal Rb6a4]} 22. axb5 axb5 23. Rxa8 Rxa8 24. Ng4 $146 ({Predecessor:} 24. f4 exf4 25. Bxf4 {½-½ (37) Talla,V (2411)-Chojnacki,K (2398) Legnica 2007}) 24... Bc8 25. Nh6+ Kg7 26. Qe2 Qd8 $2 {[#]} ({Better is} 26... f6 $14) 27. Nh5+ $1 $18 ({Stronger than} 27. Qf3 Qe8 $11) 27... gxh5 $2 (27... Kf8) 28. Qxh5 Qe8 29. Bxc5 $1 dxc5 {[#]} 30. Re3 $1 {[%cal Re3g3] Intending Rg3+ and mate.} Kh8 (30... Bg4 $18 31. Rg3 (31. Qxe5+ f6 $16) 31... f5 32. Nxf5+ Kh8 33. Qxg4 Bf6) 31. Nxf7+ {White mates.} Kg7 32. Rg3+ Kf8 33. Qh6+ {Precision: White = 97%, Black =  0%.} 1-0

[Event "8th RTU Open 2018"]
[Site "Riga"]
[Date "2018.08.06"]
[Round "1"]
[White "Zakhartsov, Viacheslav V"]
[Black "Huber, Philipp"]
[Result "1-0"]
[WhiteElo "2544"]
[BlackElo "2189"]
[Annotator "ChessBase"]
[PlyCount "155"]
[EventDate "2018.08.06"]
[EventType "swiss"]
[EventCountry "LAT"]
[SourceTitle "playchess.com"]
[Source "ChessBase"]
[SourceQuality "1"]
[TimeControl "5400+30"]

1. d4 {[%emt 0:00:00]} Nf6 {[%emt 0:00:00]} 2. c4 {[%emt 0:00:00]} d6 {[%emt 0:00:00]} 3. Nf3 {[%emt 0:00:00]} Nbd7 {[%emt 0:00:00]} 4. Nc3 {[%emt 0:00:00]} c6 {[%emt 0:00:00]} 5. e4 {[%emt 0:00:00]} e5 {[%emt 0:00:00]} 6. Be2 {[%emt 0:00:00]} Be7 {[%emt 0:00:00]} 7. O-O {[%emt 0:00:00]} O-O {[%emt 0:00:00]} 8. Be3 {[%emt 0:00:01]} Ng4 {[%emt 0:00:13]} 9. Bd2 {[%emt 0:00:28]} Ngf6 {[%emt 0:05:24]} 10. d5 {[%emt 0:07:37]} Nc5 {[%emt 0:00:48]} 11. Qc2 {[%emt 0:01:30]} a5 {[%emt 0:06:51]} 12. Be3 {[%emt 0:10:17]} Qc7 {[%emt 0:00:19]} 13. Nd2 {[%emt 0:02:16]} Ne8 {[%emt 0:14:14]} 14. a3 {[%emt 0:10:03]} f5 {[%emt 0:03:28]} 15. f3 {[%emt 0:11:11]} f4 {[%emt 0:06:09]} 16. Bf2 {[%emt 0:03:55]} Na6 {[%emt 0:00:42]} 17. dxc6 {[%emt 0:15:05]} bxc6 {[%emt 0:00:22]} 18. Rab1 {[%emt 0:02:49]} Rb8 {[%emt 0:01:14]} 19. Rfc1 {[%emt 0:00:30]} Nf6 {[%emt 0:01:52]} 20. c5 {[%emt 0:03:10]} Nxc5 {[%emt 0:03:54]} 21. Bxc5 {[%emt 0:03:34]} dxc5 {[%emt 0:00:14]} 22. Na4 {[%emt 0:00:19]} Kh8 {[%emt 0:00:36]} 23. Nb3 {[%emt 0:03:19]} g5 {[%emt 0:03:07]} 24. Nbxc5 {[%emt 0:01:37]} g4 {[%emt 0:05:51]} 25. Qc3 {[%emt 0:01:34]} gxf3 {[%emt 0:00:31]} 26. Bxf3 {[%emt 0:00:06]} Ng4 {[%emt 0:22:52]} 27. Nd3 {[%emt 0:00:32]} Bf6 {[%emt 0:03:46]} 28. Qxc6 {[%emt 0:02:17]} Qg7 {[%emt 0:00:21]} 29. Qd6 {[%emt 0:02:25]} Rb7 {[%emt 0:00:54]} 30. Rxc8 {[%emt 0:03:09]} Rxc8 {[%emt 0:00:08]} 31. Bxg4 {[%emt 0:04:41]} Qxg4 {[%emt 0:00:09]} 32. Qxf6+ {[%emt 0:00:41]} Rg7 {[%emt 0:00:05]} 33. Ne1 {[%emt 0:00:04]} Rc2 {[%emt 0:01:32]} 34. Qxg7+ {[%emt 0:01:33]} Kxg7 {[%emt 0:00:06]} 35. Nxc2 {[%emt 0:00:04]} f3 {[%emt 0:00:19]} 36. Ne1 {[%emt 0:00:10]} Qxe4 {[%emt 0:00:10]} 37. Nc3 {[%emt 0:00:09]} Qe3+ {[%emt 0:00:59]} 38. Kf1 {[%emt 0:00:21]} e4 {[%emt 0:00:47]} 39. gxf3 {[%emt 0:00:20]} exf3 {[%emt 0:00:21]} 40. Rd1 {[%emt 0:00:34]} Qf4 {[%emt 0:00:06]} 41. a4 {[%emt 0:03:27]} Qxh2 {[%emt 0:00:21]} 42. Nxf3 {[%emt 0:00:05]} Qxb2 {[%emt 0:00:15]} 43. Rd3 {[%emt 0:00:10]} Kg6 {[%emt 0:01:26]} 44. Nd4 {[%emt 0:00:38]} h5 {[%emt 0:01:24]} 45. Nde2 {[%emt 0:00:02]} h4 {[%emt 0:01:11]} 46. Kg2 {[%emt 0:00:17]} Qb7+ {[%emt 0:00:36]} 47. Rd5 {[%emt 0:00:16]} Qc8 {[%emt 0:00:25]} 48. Nf4+ {[%emt 0:02:17]} Kf7 {[%emt 0:00:04]} 49. Nce2 {[%emt 0:00:23]} Qg4+ {[%emt 0:00:27]} 50. Kh2 {[%emt 0:00:11]} Qf3 {[%emt 0:01:22]} 51. Rxa5 Qf2+ {[%emt 0:00:04]} 52. Kh3 {[%emt 0:01:06]} Qf1+ {[%emt 0:00:04]} 53. Kg4 {[%emt 0:00:20]} h3 {[%emt 0:00:59]} 54. Ng3 {[%emt 0:01:45]} Qc4 {[%emt 0:00:18]} 55. Kxh3 Ke8 {[%emt 0:00:35]} 56. Re5+ {[%emt 0:00:38]} Kd7 {[%emt 0:00:26]} 57. Re4 {[%emt 0:00:07]} Qf7 {[%emt 0:00:38]} 58. Kg4 {[%emt 0:00:47]} Kc6 {[%emt 0:00:27]} 59. Nf5 {[%emt 0:00:24]} Kb6 {[%emt 0:00:18]} 60. Ne3 {[%emt 0:00:20]} Qg8+ {[%emt 0:00:16]} 61. Kf3 {[%emt 0:01:25]} Ka5 {[%emt 0:00:10]} 62. Nfd5 {[%emt 0:00:43]} Qc8 {[%emt 0:03:19]} 63. Nc4+ {[%emt 0:00:25]} Ka6 {[%emt 0:00:03]} 64. Nde3 {[%emt 0:02:54]} Qh3+ {[%emt 0:00:14]} 65. Ke2 {[%emt 0:00:05]} Qh1 {[%emt 0:00:24]} 66. Re6+ {[%emt 0:00:14]} Ka7 {[%emt 0:00:08]} 67. a5 {[%emt 0:00:14]} Qa1 {[%emt 0:00:50]} 68. Kd3 {[%emt 0:00:13]} Qg7 {[%emt 0:00:40]} 69. Ke4 {[%emt 0:00:24]} Qc7 {[%emt 0:00:58]} 70. Kd4 {[%emt 0:00:36]} Qf4+ {[%emt 0:01:21]} 71. Kd5 {[%emt 0:00:51]} Qg5+ {[%emt 0:00:09]} 72. Kc6 {[%emt 0:00:38]} Qd8 {[%emt 0:00:18]} 73. Nd5 {[%emt 0:00:29]} Qc8+ {[%emt 0:00:11]} 74. Nc7 {[%emt 0:00:07]} Qb7+ {[%emt 0:00:58]} 75. Kd7 {[%emt 0:00:06]} Qc8+ {[%emt 0:00:41]} 76. Kd6 {[%emt 0:00:15]} Qd8+ {[%emt 0:00:23]} 77. Kc6 {[%emt 0:00:06]} Qc8 {[%emt 0:00:31]} 78. Nd6 {[%emt 0:00:49]} 1-0